Capitals Missing Two Letters that Make Words (Updated) - Statistics

General Stats
  • This quiz has been taken 22 times
  • The average score is 7 of 12
Answer Stats
Hint Answer % Correct
Arid Madrid
88%
Tape Taipei
82%
Rare Harare
76%
Must Muscat
76%
Boot Bogota
59%
Auto Maputo
59%
Bang Bangui
53%
Lion Lisbon
53%
Land Luanda
53%
Moon Moroni
53%
Name Niamey
47%
Rage Prague
35%
No matching quizzes found
Score Distribution
Percent of People with Each Score
Percentile by Number Answered
Your Score History
You have not taken this quiz